Statistiken für Beste Champions League Torschützen FC Liverpool

Klicken Sie hier um das Quiz zu spielen!

Allgemein

  • Dieses Quiz wurde 192 mal gespielt
  • Das Durchschnittsergebnis liegt bei 12 aus 20

Antwortstatistiken

SaisonNationalitätToreSpieler% Korrekt
2022/23Ägypten8Mohamed Salah
100%
2021/22Ägypten8Mohamed Salah
100%
2020/21Ägypten6Mohamed Salah
100%
2019/20Ägypten4Mohamed Salah
100%
2018/19Ägypten5Mohamed Salah
100%
2017/18Ägypten10Mohamed Salah
100%
2017/18Senegal10Sadio Mané
98%
2017/18Brasilien10Roberto Firmino
94%
2007/08Spanien6Fernando Torres
75%
2007/08England6Steven Gerrard
68%
2008/09England7Steven Gerrard
68%
2014/15England2Steven Gerrard
68%
2002/03England4Michael Owen
42%
2001/02Finnland3Jari Litmanen
33%
2006/07England6Peter Crouch
19%
2009/10Israel2Yossi Benayoun
15%
2005/06Frankreich2Djibril Cissé
12%
2005/06Spanien2Luis García
11%
2004/05Spanien5Luis García
11%
2001/02Frankreich3Bruno Cheyrou
1%

Verteilung der Resultate

Perzentil nach korrekt beantworteten Fragen

Anzahl Personen mit jedem Resultat

Ihre Resultats-Entwicklung

Sie haben dieses Quiz noch nicht gespielt